000 00284nam a22001337a 4500
020 _a0-256-01876-6
082 _a658 TER'P
100 _aTERRY. SEORGE R.
_976308
245 _aPRINCIPLA OF MANGEMENT
250 _a17
260 _aUSA
_bIRWIN
_c1977
300 _a648P
942 _cBK
999 _c581701
_d581701